Name the Missing Band Member #2 - Statistics

General Stats
  • This quiz has been taken 38 times
  • The average score is 6 of 12
Answer Stats
Hint Answer % Correct
Keith Emerson, Carl Palmer Greg Lake
82%
Robert Plant, John Bonham, John Paul Jones Jimmy Page
76%
Peter Gabriel, Mike Rutherford, Tony Banks Phil Collins
76%
John Illsley, David Knopfler, Pick Withers Mark Knopfler
73%
apl.de.ap, Fergie, Taboo will.i.am
61%
Steven Van Zandt,Clarence Clemons, David Sancious Bruce Springsteen
52%
Alex Lifeson, Neil Peart Geddy Lee
48%
Bob Weir, Phil Lesh, Ron "Pigpen" McKernan, Bill Kreutzmann Jerry Garcia
39%
Mick Jones, Paul Simonon, Keith Levene Joe Strummer
39%
Mary Wilson, Florence Ballard Diana Ross
36%
Jim Capaldi, Chris Wood, Dave Mason Steve Winwood
24%
Neil Geraldo, Myron Grombacher Pat Benatar
18%
No matching quizzes found
Score Distribution
Percent of People with Each Score
Percentile by Number Answered
Your Score History
You have not taken this quiz